00363nam a2200121Ia 450000500170000000800410001702000180005808200220007610000200009824500750011826000340019330000140022720241203170549.0231221s9999 xx 000 0 und d a9780133886177 a006.968 VIL;1 R aVillar, Oliver. 0aLearning Blender : a hands-on guide to creating 3D animated characters c2015bAddison-WileyaNew York axxxv, 312